Loading...
| Social Science | 1 | 2 | 0 | 1 | 35 | 69 | 95.00 | 2 | 3 |
| Other Arts: Auditory | 1 | 1 | 0 | 1 | 25 | 80 | 103.00 | 1 | 2 |
| Philosophy | 1 | 1 | 0 | 1 | 25 | 71 | 97.50 | 1 | 2 |
| Chemistry> | 0 | 2 | 0 | 0 | 20 | 92 | 95.50 | 1 | 2 |
| 1 | 1 | 1 | 1 | 20 | 37 | 84.50 | 1 | 2 | |
| History - American History | 0 | 2 | 0 | 1 | 20 | 83 | 112.50 | 1 | 2 |
| Beliefs | 1 | 1 | 2 | 0 | 15 | 63 | 93.00 | 1 | 2 |
| Literature - American Literature | 1 | 0 | 0 | 0 | 15 | 38 | 38.00 | 1 | 1 |
| Literature - British Literature | 0 | 1 | 0 | 1 | 10 | 149 | 149.00 | 0 | 1 |
| Other Arts: Visual | 0 | 1 | 0 | 0 | 10 | 80 | 80.00 | 0 | 1 |
| Other Science: Earth Science | 0 | 1 | 0 | 1 | 10 | 133 | 133.00 | 0 | 1 |
| Other Science: Math | 0 | 1 | 0 | 1 | 10 | 149 | 149.00 | 1 | 1 |
| History - World History | 0 | 1 | 0 | 0 | 10 | 78 | 78.00 | 0 | 1 |
| Geography | 0 | 1 | 1 | 0 | 5 | 90 | 90.00 | 1 | 1 |
| Science - Biology | 0 | 2 | 3 | 1 | 5 | 93 | 113.50 | 2 | 2 |
| Other Science: Astronomy | 0 | 1 | 1 | 0 | 5 | 91 | 91.00 | 0 | 1 |
| Science - Chemistry | 0 | 0 | 1 | 0 | -5 | 0.00 | 0 | 0 | |
| History - European History | 0 | 0 | 1 | 0 | -5 | 0.00 | 0 | 0 |